| 000 | 01384cam a22003737a 4500 | ||
|---|---|---|---|
| 003 | CHAP | ||
| 005 | 20220329141342.0 | ||
| 008 | 971013s1986 fr r 00010 eng d | ||
| 010 | _a66880 | ||
| 011 | _a67852 | ||
| 035 | _a77324 | ||
| 040 | _cCHAP | ||
| 082 | 1 | 0 |
_a639.2 _bF46 v.345 |
| 110 | 2 |
_aFAO. General Fisheries Council for the Mediterranean _939568 |
|
| 245 | 1 | 0 | _aReport of the technical consultation of the General fisheries council for the Mediterranean on stock assessment in the Adriatic (4o.) |
| 260 |
_aRome : _bFAO, _c1986 |
||
| 300 |
_a204 p. _b; mapas; gràfs. |
||
| 490 | 0 |
_aFAO. Informe de pesca _v; 345 |
|
| 500 | _aEdición bilingue (inglés, francés) | ||
| 590 |
_aBATCH-UPD _b10 _c20130110 _lUCH01 _h0044 |
||
| 590 |
_aBATCH-UPD _b10 _c20130110 _lUCH01 _h1043 |
||
| 590 |
_aBATCH-UPD _b10 _c20130410 _lUCH01 _h0642 |
||
| 590 |
_aBATCH-UPD _b10 _c20130914 _lUCH01 _h0919 |
||
| 590 |
_aCONVERSION _b10 _c20130109 _lUCH01 _h1337 |
||
| 650 | 1 | 4 |
_aRecursos marinos _xRegión mediterránea. _995163 |
| 700 | 0 |
_aCharbonnier, D. _921951 |
|
| 700 | 0 |
_aGarcía, S. _946812 |
|
| 830 | 0 |
_aFAO. Informe de pesca _v; 345 _939587 |
|
| 901 | _aBK | ||
| 905 | _aPatricia Mendoza P. | ||
| 942 | _cLIBRO | ||
| 949 |
_a639.2 F46 v.345 _bBC _cFAO _d33724000742292 _eFAO1 _h70147 _i77324 _sb |
||
| 949 |
_a639.2 F46 v.345 _bBC _cFAO _d33724000742383 _eFAO2 _fc.2 _gDonaciØn _h68789 _i77324 _sb |
||
| 999 |
_c66880 _d66880 |
||